Statistics for Band Members by Instrument - Heavy Metal Edition

Click here to take the quiz!

General Stats

  • This quiz has been taken 366 times
  • The average score is 22 of 44

Answer Stats

BandInstrument or RoleAnswer% Correct
Black Sabbath (1968-1977)VocalsOzzy Osbourne
99%
Metallica (1983-2001)Vocals, Rhythm GuitarJames Hetfield
92%
Motörhead (1976-1982)Vocals, BassIan "Lemmy" Kilmister
89%
Metallica (1983-2001)DrumsLars Ulrich
89%
Metallica (1983-2001)Lead GuitarKirk Hammett
87%
Megadeth (1990-1997)Vocals, GuitarDave Mustaine
86%
Black Sabbath (1968-1977)GuitarTony Iommi
81%
Iron Maiden (1982-1990; 1999-present)VocalsBruce Dickinson
80%
Metallica (1983-2001)BassCliff Burton / Jason Newsted
79%
Judas Priest (1979-1989)VocalsRob Halford
78%
Pantera (1986-2003)Lead GuitarDimebag Darrell
72%
Slayer (1981-1986; 1987-1992)Vocals, BassTom Araya
67%
Black Sabbath (1968-1977)BassGeezer Butler
65%
Slayer (1981-1986; 1987-1992)GuitarKerry King
64%
Pantera (1986-2003)VocalsPhil Anselmo
63%
Anthrax (1984-1992)Rhythm GuitarScott Ian
61%
Iron Maiden (1982-1990; 1999-present)BassSteve Harris
59%
Black Sabbath (1968-1977)DrumsBill Ward
54%
Slayer (1981-1986; 1987-1992)DrumsDave Lombardo
52%
Pantera (1986-2003)DrumsVinnie Paul
52%
Iron Maiden (1982-1990; 1999-present)DrumsNicko McBrain
51%
Iron Maiden (1982-1990; 1999-present)GuitarAdrian Smith
50%
Iron Maiden (1982-1990; 1999-present)GuitarDave Murray
46%
Slayer (1981-1986; 1987-1992)GuitarJeff Hanneman
45%
Judas Priest (1979-1989)GuitarK.K. Downing
45%
Megadeth (1990-1997)GuitarMarty Friedman
43%
Megadeth (1990-1997)BassDavid Ellefson
41%
Anthrax (1984-1992)VocalsJoey Belladonna
39%
Judas Priest (1979-1989)GuitarGlenn Tipton
38%
Pantera (1986-2003)BassRex Brown
38%
Motörhead (1976-1982)DrumsPhil "Philthy Animal" Taylor
37%
The Scorpions (1979-1992)VocalsKlause Meine
34%
Megadeth (1990-1997)DrumsNick Menza
32%
Judas Priest (1979-1989)BassIan Hill
30%
Motörhead (1976-1982)Guitar"Fast" Eddie Clarke
29%
The Scorpions (1979-1992)Rhythm GuitarRudolf Schenker
28%
Anthrax (1984-1992)DrumsCharlie Benante
24%
Anthrax (1984-1992)BassFrank Bello
20%
Anthrax (1984-1992)Lead GuitarDan Spitz
19%
The Scorpions (1979-1992)Lead GuitarMatthias Jabs
15%
Judas Priest (1979-1989)DrumsDave Holland
14%
The Scorpions (1979-1992)DrumsHerman Rarebell
11%
The Scorpions (1979-1992)BassFrancis Buchholz
10%
Pantera (1986-2003)Rhythm GuitarTerry Glaze
7%

Score Distribution

Percentile by Number Answered

Percent of People with Each Score

Your Score History

You have not taken this quiz